| 000 | 00459nam a2200181Ia 4500 | ||
|---|---|---|---|
| 999 |
_c33884 _d33884 |
||
| 003 | 0100 | ||
| 005 | 20180308153228.0 | ||
| 008 | 130303s9999 xx 000 0 und d | ||
| 040 | _cARRUPELIB | ||
| 050 | _aDT962.6.M87S561970 | ||
| 100 |
_aSithole, Ndabaningi _929934 |
||
| 245 |
_aObed Mutezo: _bthe Mudzimu Christian nationalist / |
||
| 260 |
_aNairobi _bOxford Univarsity Press _c1970 |
||
| 300 | _avii | ||
| 300 | _b 210 p. 22 cm | ||
| 650 |
_aMutezo, Obed _940421 |
||
| 650 |
_aNationalism _xRhodesia, Southern _940422 |
||
| 700 |
_aNdabaningi Sithole _929938 |
||
| 942 |
_2lcc _cMONOGRAPH |
||